Tropical fruits of Sri Lanka. (Record no. 18444)
[ view plain ]
| 000 -LEADER | |
|---|---|
| fixed length control field | 00392cam a2200133 a 4500 |
| 040 ## - CATALOGING SOURCE | |
| Transcribing agency | DLC |
| 082 00 - DEWEY DECIMAL CLASSIFICATION NUMBER | |
| Classification number | 634 DAM 1997 C145 Or. |
| 245 00 - TITLE STATEMENT | |
| Title | Tropical fruits of Sri Lanka. |
| 260 ## - PUBLICATION, DISTRIBUTION, ETC. (IMPRINT) | |
| Place of publication | Peradeniya : |
| Name of publisher | Dept. of Agriculture, Ministry of Agriculture & Lands, |
| Year of publication | 1997. |
| 300 ## - PHYSICAL DESCRIPTION | |
| Number of Pages | 33, [3] p. : |
| Other physical details | col. ill., col. maps ; |
| Dimensions | 29 cm. |
| 650 #0 - SUBJECT ADDED ENTRY--TOPICAL TERM | |
| Topical Term | Tropical fruit |
| 710 1# - ADDED ENTRY--CORPORATE NAME | |
| Corporate name or jurisdiction name as entry element | Sri Lanka. |
| 942 ## - ADDED ENTRY ELEMENTS (KOHA) | |
| Koha item type | ADB |
| 952 ## - LOCATION AND ITEM INFORMATION (KOHA) | |
| Withdrawn status [LOCAL, KOHA] | 0 |
| Source of acquisition | Permanent Location | Date acquired | Koha item type | Lost status | Shelving location | Current Location | Full call number |
|---|---|---|---|---|---|---|---|
| A33138 | Library Block C | 2019-12-02 | សៀវភៅភាសាអង់គ្លេស | C145 | Library Block C | 634 DAM 1997 C145 Or. |